| 000 | 00435cam a2200181ua 4500 | ||
|---|---|---|---|
| 001 | 725 | ||
| 008 | 110413n ii |||gr||||Z||||||eng | ||
| 040 | _cMAIN | ||
| 082 | _a320.5 | ||
| 245 | 1 |
_aPolitical thought. _cBy H R Mukhi. |
|
| 250 | _a10th. | ||
| 260 |
_aNew Delhi.: _bSBD publisher.,998. |
||
| 300 |
_ax, 576 p.: _c26 cm. |
||
| 653 | _aPolitical science. | ||
| 653 | _aPolitical thought. | ||
| 700 | 1 | _aMukhi, H R., | |
| 942 | _cBK | ||
| 999 |
_c652 _d652 |
||